000 00619nam a22001937a 4500
005 20100809113810.0
010 _aENG-99048
020 _a9781449529925
_c150.00
035 _aEN-82580
037 _bDBAD/PUB
082 _aN
100 _aGhatak, Adhir
_99457
245 _aBefore and after /
_cby Adhir Ghatak
260 _aKolkata
_bAdhir Ghatak
_c2009
270 _aFlat 4G Ananda, 116 Southern Avenue
_bKolkata
_e700029
300 _a180p.
_c21cm (pbk)
942 _2ddc
_cEN
_hN
_mGHA
999 _c40275
_d40275